| 000 | 00452nam a2200169Ia 4500 | ||
|---|---|---|---|
| 008 | 230917s9999||||xx |||||||||||||| ||und|| | ||
| 020 | _cRS1595 | ||
| 040 |
_e249605 _aMAIN |
||
| 041 | _aEnglish | ||
| 082 | _a813.09 A14B | ||
| 100 | _aAwasthi, Archana | ||
| 245 | 0 | _aBlack feminism: A womanist approach | |
| 260 |
_aJaipur _bYking Books _c2018 |
||
| 300 | _avii, 254 p. | ||
| 500 | _a3247 13/08/2018 HBD18/7469 16/08/2018 Main Budget | ||
| 942 | _cBK | ||
| 999 |
_c27948 _d27948 |
||